[Event "PHI-ch sf"]
[Site "Manila"]
[Date "2014.??.??"]
[Round "3"]
[White "Danday, Jayson"]
[Black "Nazario, Marc Christian"]
[Result "1/2-1/2"]
[WhiteElo "2060"]
[BlackElo "2135"]
[PlyCount "61"]
[EventDate "2014.03.??"]
[EventType "swiss"]
[EventRounds "9"]
[EventCountry "PHI"]
[SourceTitle "EXT 2016"]
[Source "ChessBase"]
[SourceDate "2015.10.08"]
[SourceVersion "1"]
[SourceVersionDate "2015.10.08"]
[SourceQuality "1"]

1. Nf3 Nf6 2. b3 d6 3. d4 g6 4. g3 Bg7 5. Bb2 0-0 6. Bg2 Bf5 7. 0-0 Qc8 8. Re1 Bh3 9. Bh1 h6 10. Nbd2 Nc6 11. e4 e5 12. dxe5 Ng4 13. Rb1 Ngxe5 14. Nxe5 dxe5 15. Qe2 Nd4 16. Bxd4 exd4 17. Qd3 g5 18. Bg2 c5 19. a4 b6 20. Rf1 Bxg2 21. Kxg2 Qc6 22. Kg1 a6 23. f4 b5 24. fxg5 hxg5 25. Rf5 Rac8 26. axb5 axb5 27. Rxg5 Rfd8 28. e5 c4 29. bxc4 bxc4 30. Qf5 Qd7 31. Qf6 1/2-1/2